[Event "World Blitz 2023"]
[Site "Samarkand UZB"]
[Date "2023.12.29"]
[EventDate "2023.12.29"]
[Round "6.2"]
[Result "0-1"]
[White "Levon Aronian"]
[Black "Gadir Guseinov"]
[WhiteElo "2772"]
[BlackElo "2563"]
[PlyCount "104"]

1. e4 c5 2. Nf3 e6 3. c3 Nf6 4. Bd3 d5 5. e5 Nfd7 6. Bc2 c4 7. d4 cxd3 8.
Qxd3 Nc6 9. Qe2 Qc7 10. Bf4 g6 11. O-O Bg7 12. Re1 O-O 13. Nbd2 b6 14. Nb3
a5 15. Nbd4 Ba6 16. Qe3 Nxd4 17. Nxd4 b5 18. Rac1 Qb6 19. h4 b4 20. h5 Rfc8
21. Qh3 Nf8 22. Bg5 bxc3 23. bxc3 Qc7 24. Nf3 Rab8 25. hxg6 fxg6 26. Bh6
Bxh6 27. Qxh6 Qg7 28. Qe3 Rc7 29. Nd4 Rbc8 30. Bd1 Qe7 31. Bg4 Bc4 32. Rc2
Rb8 33. Qh3 Rb6 34. Re3 Ba6 35. Rf3 Bc8 36. Rf6 Qe8 37. Kh2 Rf7 38. Rxf7
Qxf7 39. Qe3 Rb7 40. c4 dxc4 41. Rxc4 Bd7 42. Rc5 a4 43. Ra5 Qe7 44. Ra8
Kg7 45. Qf3 Rb4 46. Ne2 Rc4 47. Rb8 Bc6 48. Qf6+ Qxf6 49. exf6+ Kf7 50. Bh3
h5 51. Rc8 Bd5 52. Ra8 Bxa8 0-1

[Event "World Blitz 2023"]
[Site "Samarkand UZB"]
[Date "2023.12.29"]
[EventDate "2023.12.29"]
[Round "6.3"]
[Result "1-0"]
[White "David Paravyan"]
[Black "Peter Svidler"]
[WhiteElo "2566"]
[BlackElo "2689"]
[PlyCount "62"]

1. e4 c5 2. Nf3 d6 3. d4 cxd4 4. Nxd4 Nf6 5. Nc3 a6 6. Bg5 e6 7. f4 Qc7 8.
Qf3 Nbd7 9. Be2 b5 10. a3 Be7 11. O-O-O Bb7 12. Qg3 Bxe4 13. Bxf6 Nxf6 14.
f5 e5 15. Nxe4 Nxe4 16. Qf3 d5 17. Nxb5 axb5 18. Rxd5 Nf6 19. Bxb5+ Kf8 20.
Rd7 Qc8 21. Rd2 e4 22. Qf4 h5 23. Kb1 Rh6 24. Rhd1 Qc5 25. c4 Ng4 26. Qxe4
Qc8 27. Re1 Ra7 28. h3 Nf6 29. Qe3 Qxf5+ 30. Ka2 Rc7 31. Rd8+ 1-0

[Event "World Blitz 2023"]
[Site "Samarkand UZB"]
[Date "2023.12.29"]
[EventDate "2023.12.29"]
[Round "6.4"]
[Result "1-0"]
[White "Raunak Sadhwani"]
[Black "Van Foreest, Lucas"]
[WhiteElo "2668"]
[BlackElo "2519"]
[PlyCount "50"]

1. e4 e5 2. Nf3 Nc6 3. Bb5 Nf6 4. d3 d6 5. c3 a6 6. Ba4 g6 7. O-O Bg7 8.
Nbd2 O-O 9. Re1 h6 10. Nf1 Re8 11. Ng3 b5 12. Bc2 d5 13. Qe2 Be6 14. h3
dxe4 15. dxe4 Bc4 16. Qe3 Qe7 17. b3 Be6 18. Qe2 Red8 19. Be3 Kh7 20. Rac1
Rab8 21. Bb1 a5 22. Bd3 b4 23. Bb5 Na7 24. Bxa7 Bc4 25. Bxc4 1-0

[Event "World Blitz 2023"]
[Site "Samarkand UZB"]
[Date "2023.12.29"]
[EventDate "2023.12.29"]
[Round "6.5"]
[Result "0-1"]
[White "Van Foreest, Jorden"]
[Black "Aydin Suleymanli"]
[WhiteElo "2664"]
[BlackElo "2553"]
[PlyCount "188"]

1. e4 e5 2. Nf3 Nc6 3. Bb5 a6 4. Ba4 Nf6 5. O-O Be7 6. d3 b5 7. Bb3 d6 8.
c3 O-O 9. Bc2 Bb7 10. Re1 Re8 11. Nbd2 Bf8 12. Nf1 h6 13. Ng3 g6 14. d4 Bg7
15. a3 Qe7 16. Bd2 Nb8 17. a4 c5 18. d5 c4 19. axb5 axb5 20. Rxa8 Bxa8 21.
Qa1 Nbd7 22. Qa6 Rb8 23. Be3 Ne8 24. Ra1 Qd8 25. Ba7 Nc7 26. Qa3 Rb7 27.
Be3 Rb8 28. Qb4 Bf8 29. Ra7 Bb7 30. h4 Qc8 31. h5 Ra8 32. hxg6 fxg6 33. Ra5
Ra6 34. Rxa6 Bxa6 35. Bd1 Qa8 36. Nh4 Kh7 37. Qa5 Qb7 38. Bg4 Nf6 39. Bh3
Be7 40. Nf3 Nfe8 41. Qb6 Qxb6 42. Bxb6 Bd8 43. Bd7 Nf6 44. Bc6 Kg7 45. Ne1
Ng8 46. Nc2 Ne7 47. Nb4 Ncxd5 48. Nxd5 Nxc6 49. Bxd8 Nxd8 50. Nc7 Bb7 51.
Nxb5 Nf7 52. Na3 d5 53. exd5 Bxd5 54. Nf1 Nd6 55. Ne3 Be6 56. f3 Kf6 57.
Kf2 e4 58. f4 g5 59. fxg5+ Kxg5 60. Nac2 Kf4 61. Nd4 Bf7 62. Nc6 Be6 63.
g3+ Kg5 64. Nd4 Bf7 65. Nf1 Kg4 66. Nc2 Kg5 67. Nd2 Bg6 68. Na3 Bf7 69. Nc2
Kg4 70. Nf1 Kg5 71. Nd4 Kg4 72. Ne3+ Kg5 73. Nc6 Be6 74. Nc2 Bd5 75. N6d4
Bf7 76. Ke3 Kg4 77. Kf2 Kg5 78. Ne3 Bg8 79. Ng2 Kg4 80. Nf4 e3+ 81. Kg2 Ne4
82. Nfe2 Bd5 83. Kh2 Nd2 84. Nf4 Be4 85. Nfe2 Nf1+ 86. Kg1 Nxg3 87. Nc1 h5
88. b4 h4 89. b5 h3 90. b6 Nf1 91. Kxf1 h2 92. Ke2 h1=Q 93. Kxe3 Qxc1+ 94.
Kxe4 Qb1+ 0-1

[Event "World Blitz 2023"]
[Site "Samarkand UZB"]
[Date "2023.12.29"]
[EventDate "2023.12.29"]
[Round "6.6"]
[Result "1/2-1/2"]
[White "S L Narayanan"]
[Black "Evgeny Tomashevsky"]
[WhiteElo "2564"]
[BlackElo "2663"]
[PlyCount "206"]

1. e4 e5 2. Nf3 Nc6 3. Bb5 a6 4. Ba4 Nf6 5. d3 d6 6. c3 g6 7. Bg5 Bg7 8.
Nbd2 h6 9. Bh4 O-O 10. Nf1 Bd7 11. Ne3 Qe8 12. Bxf6 Bxf6 13. h4 Ne7 14.
Bxd7 Qxd7 15. h5 g5 16. Nd2 Bg7 17. g4 c6 18. Ndf1 d5 19. Ng3 Rfd8 20. Qe2
Qe6 21. Ngf5 Nxf5 22. Nxf5 Bf8 23. O-O Rd7 24. Rfe1 Rad8 25. exd5 Rxd5 26.
d4 exd4 27. Qxe6 fxe6 28. Nxd4 e5 29. Nf3 Bg7 30. Re2 Rf8 31. Nd2 Rf4 32.
f3 e4 33. Nxe4 Rxf3 34. Rf1 Rxf1+ 35. Kxf1 Kf7 36. Kf2 Be5 37. Re1 Bf4 38.
c4 Rd4 39. b3 b5 40. cxb5 cxb5 41. Re2 a5 42. Nc3 b4 43. Ne4 Bc7 44. Ke3
Bb6 45. Rf2+ Ke7 46. Rf5 Rd1+ 47. Ke2 Ra1 48. Rf6 Rxa2+ 49. Kd3 Bc7 50.
Rxh6 Bf4 51. Rb6 Rh2 52. h6 Rh4 53. Nf6 Kf7 54. Nh5 Rxg4 55. Rb7+ Kg6 56.
h7 Be5 57. Rb5 Bc3 58. Rc5 Bh8 59. Rc8 Ba1 60. Rc1 Bb2 61. Rc2 Be5 62. Rc5
Bh8 63. Rc8 Bg7 64. Nxg7 Rg3+ 65. Kd4 Kxh7 66. Ne6 Rxb3 67. Nxg5+ Kg6 68.
Ne4 a4 69. Nc5 Rc3 70. Rb8 a3 71. Rxb4 a2 72. Ra4 Rc2 73. Ne4 Kf5 74. Nc3
Rh2 75. Kd3 Ke5 76. Nxa2 Rh3+ 77. Kc2 Rh2+ 78. Kb3 Rh3+ 79. Nc3 Rf3 80.
Re4+ Kf5 81. Re1 Kf4 82. Kc4 Kf5 83. Kd4 Rf4+ 84. Kd5 Rf2 85. Nb5 Rd2+ 86.
Nd4+ Kf6 87. Re6+ Kf7 88. Ra6 Rd1 89. Rb6 Ke7 90. Rb2 Kf6 91. Rf2+ Ke7 92.
Rf3 Rd2 93. Ke5 Rd1 94. Nf5+ Kd7 95. Rh3 Re1+ 96. Kf6 Re6+ 97. Kf7 Re1 98.
Rd3+ Kc6 99. Kf6 Kc5 100. Ne3 Rh1 101. Ke5 Rh5+ 102. Nf5 Kc4 103. Ke4
1/2-1/2

[Event "World Blitz 2023"]
[Site "Samarkand UZB"]
[Date "2023.12.29"]
[EventDate "2023.12.29"]
[Round "6.7"]
[Result "1-0"]
[White "Anton Korobov"]
[Black "Liam Vrolijk"]
[WhiteElo "2649"]
[BlackElo "2487"]
[PlyCount "90"]

1. c4 e5 2. d3 Bb4+ 3. Nd2 c5 4. Nf3 Nc6 5. e3 Nge7 6. Be2 O-O 7. O-O Ba5
8. Ne4 Bb6 9. Nd6 Bc7 10. Nxc8 Rxc8 11. b3 d5 12. cxd5 Nxd5 13. Bb2 Qe7 14.
a3 Rfd8 15. Qc2 Bb8 16. Rac1 b6 17. Rfd1 Qe6 18. Bf1 Nde7 19. g3 Ng6 20.
Bg2 h6 21. Nd2 Nce7 22. Qc4 Qd7 23. Ne4 Nc6 24. h4 Nf8 25. Kh2 Ne6 26. Qc2
f5 27. Nc3 Ncd4 28. Qb1 Nxb3 29. Rc2 Na5 30. Rcd2 Kh8 31. Nd5 Qf7 32. Rf1
Nc6 33. f4 exf4 34. gxf4 Nf8 35. e4 fxe4 36. dxe4 Nd4 37. Qe1 Qh5 38. Bxd4
cxd4 39. Qg3 Ne6 40. e5 Rf8 41. Ne7 Rce8 42. Ng6+ Kh7 43. Be4 Rf5 44. Rg1
Nc5 45. Nf8+ 1-0

[Event "World Blitz 2023"]
[Site "Samarkand UZB"]
[Date "2023.12.29"]
[EventDate "2023.12.29"]
[Round "6.8"]
[Result "0-1"]
[White "Mikhail Kobalia"]
[Black "Santosh Gujrathi Vidit"]
[WhiteElo "2558"]
[BlackElo "2642"]
[PlyCount "120"]

1. e4 c5 2. Nf3 d6 3. Bc4 Nc6 4. O-O Nf6 5. d3 g6 6. c3 Bg7 7. Re1 O-O 8.
Bb3 e5 9. Nbd2 Nh5 10. Nf1 Kh8 11. Ng3 Nf4 12. h3 f5 13. exf5 Bxf5 14. Bxf4
exf4 15. Nxf5 Rxf5 16. Be6 Rf8 17. Qb3 Ne5 18. Qd5 Qc7 19. Rad1 Rae8 20.
Nxe5 dxe5 21. Bg4 Rd8 22. Qc4 a6 23. a4 Rd6 24. Bf3 Rfd8 25. Be4 Bf6 26. b4
Rc8 27. bxc5 Qxc5 28. Qf7 b6 29. Rb1 Bg7 30. Rec1 Rf6 31. Qa2 Qc7 32. Rb4
Bf8 33. Rc4 Qf7 34. Rd1 b5 35. axb5 axb5 36. Rxc8 Qxa2 37. Ra8 Qb3 38. Rda1
Rf7 39. Rc8 Kg7 40. Raa8 f3 41. Bxf3 Qb1+ 42. Kh2 Qxd3 43. Rd8 Qxc3 44. Bd5
Rxf2 45. Rd7+ Kh6 46. Raa7 Kg5 47. Rxh7 Kf4 48. Rhf7+ Ke3 49. Rxf2 Kxf2 50.
Rf7+ Ke1 51. Rxf8 Qc5 52. Rd8 e4 53. Kh1 Qd4 54. Rd7 b4 55. Bc6 Qc4 56. Bd5
Qb5 57. Rd6 e3 58. Bf3 Kf2 59. Rf6 Qe5 60. Rf8 e2 0-1

[Event "World Blitz 2023"]
[Site "Samarkand UZB"]
[Date "2023.12.29"]
[EventDate "2023.12.29"]
[Round "6.9"]
[Result "0-1"]
[White "Alexander Moiseenko"]
[Black "Vahap Sanal"]
[WhiteElo "2556"]
[BlackElo "2637"]
[PlyCount "78"]

1. d4 d6 2. e4 Nf6 3. Nc3 e5 4. Nge2 Be7 5. g3 c6 6. Bg2 b5 7. O-O a5 8. h3
Nbd7 9. g4 O-O 10. Ng3 exd4 11. Qxd4 b4 12. Nce2 d5 13. exd5 Nxd5 14. Nh5
N7f6 15. Neg3 Ra6 16. Nxg7 c5 17. Qd1 Kxg7 18. g5 Rd6 19. gxf6+ Nxf6 20.
Qf3 Kh8 21. Bf4 Rd5 22. Rfe1 Bd6 23. Bh6 Rg8 24. Rad1 Bb7 25. Qe3 Bxg3 26.
Rxd5 Nxd5 27. Qd3 Bf4 28. Bxf4 Rxg2+ 29. Kf1 Qg8 30. Bg3 f6 31. c4 bxc3 32.
bxc3 Qc8 33. c4 Qxh3 34. Re8+ Kg7 35. Ke2 Nf4+ 36. Bxf4 Rxf2+ 37. Kxf2 Qxd3
38. Re7+ Kg6 39. Rxb7 Qe4 0-1

[Event "World Blitz 2023"]
[Site "Samarkand UZB"]
[Date "2023.12.29"]
[EventDate "2023.12.29"]
[Round "6.10"]
[Result "1/2-1/2"]
[White "Denis Khismatullin"]
[Black "Giga Quparadze"]
[WhiteElo "2552"]
[BlackElo "2617"]
[PlyCount "66"]

1. d4 Nf6 2. c4 e6 3. Nf3 b6 4. g3 Bb4+ 5. Bd2 c5 6. Bg2 Bb7 7. Bxb4 cxb4
8. O-O O-O 9. Qd3 d6 10. Nbd2 Qc7 11. a3 bxa3 12. Qxa3 a5 13. Rac1 Na6 14.
Rfd1 Rac8 15. b3 Nb4 16. Qb2 h6 17. h3 Rfe8 18. Nb1 Ne4 19. Nfd2 Nxd2 20.
Qxd2 Bxg2 21. Kxg2 b5 22. Na3 bxc4 23. Nxc4 Red8 24. Kg1 Rb8 25. Ra1 Nc6
26. Nxa5 Nxa5 27. Rxa5 Rxb3 28. Rda1 Rdb8 29. Ra8 Rxa8 30. Rxa8+ Kh7 31.
Ra1 Qc4 32. Rc1 Qd5 33. e3 f5 1/2-1/2

[Event "World Blitz 2023"]
[Site "Samarkand UZB"]
[Date "2023.12.29"]
[EventDate "2023.12.29"]
[Round "6.11"]
[Result "1-0"]
[White "Anton Guijarro, David"]
[Black "Mukhammadzokhid Suyarov"]
[WhiteElo "2616"]
[BlackElo "2449"]
[PlyCount "122"]

1. e4 e5 2. Nf3 Nf6 3. d4 Nxe4 4. dxe5 d5 5. Nbd2 Nxd2 6. Bxd2 c5 7. c3 Nc6
8. Bd3 Be7 9. O-O Be6 10. b4 O-O 11. bxc5 h6 12. Qc1 Bg4 13. Re1 Bxc5 14.
Bxh6 Bxf3 15. Qf4 Bh5 16. Bg5 Be7 17. h4 Bg6 18. Rad1 Bxg5 19. hxg5 Qe7 20.
Re3 Rfe8 21. Rde1 Qe6 22. Qh4 Rad8 23. Rh3 Kf8 24. Qh8+ Ke7 25. Qxg7 Bxd3
26. Rxd3 Rg8 27. Qf6+ Qxf6 28. exf6+ Kd6 29. f4 Rge8 30. Rde3 Rh8 31. Kf2
b5 32. Kg3 a5 33. a3 Rdg8 34. Kg4 Rh2 35. R3e2 b4 36. axb4 axb4 37. cxb4
Nxb4 38. Rd2 Nc6 39. Ra1 Rhh8 40. Rad1 d4 41. Kf5 Kd5 42. Rb1 Re8 43. Rb5+
Kc4 44. Rb7 Rhf8 45. Rc7 Kd5 46. Rc2 d3 47. R2xc6 d2 48. Ra6 Kd4 49. Rd7+
Ke3 50. Rad6 Ra8 51. Rd3+ Kf2 52. Rxd2+ Kg1 53. g4 Ra4 54. Re7 Kf1 55. Rb2
Ra1 56. Rbb7 Ra5+ 57. Re5 Ra4 58. Rbe7 Kf2 59. Re8 Kg3 60. Re3+ Kf2 61.
Rxf8 1-0

[Event "World Blitz 2023"]
[Site "Samarkand UZB"]
[Date "2023.12.29"]
[EventDate "2023.12.29"]
[Round "6.12"]
[Result "0-1"]
[White "Rudik Makarian"]
[Black "Andrey Esipenko"]
[WhiteElo "2540"]
[BlackElo "2615"]
[PlyCount "110"]

1. d4 d5 2. c4 e6 3. Nf3 Nf6 4. g3 Be7 5. Bg2 O-O 6. O-O dxc4 7. Qc2 c6 8.
Qxc4 b5 9. Qd3 Nbd7 10. Be3 h6 11. Rc1 Nd5 12. Nbd2 Qc7 13. a3 a5 14. Ne4
b4 15. axb4 Ba6 16. b5 Bxb5 17. Qd2 Bb4 18. Nc3 Qd8 19. Ne1 Bxc3 20. bxc3
N7b6 21. Bf4 g5 22. Be5 f6 23. c4 Bxc4 24. Rxc4 Nxc4 25. Qc2 Nxe5 26. dxe5
f5 27. Qxc6 Re8 28. Nd3 Rc8 29. Qa6 Nb4 30. Nxb4 axb4 31. Rb1 Rb8 32. g4
fxg4 33. Qc4 Qd2 34. Qxg4 Qf4 35. Qh3 Kg7 36. Qd3 Qxe5 37. Qd7+ Kf8 38. Bf3
Re7 39. Qd3 Kg7 40. h3 Rf7 41. Bh5 Rf6 42. Qd7+ Kg8 43. Rc1 Qf4 44. Rc8+
Rxc8 45. Qxc8+ Kg7 46. Qd7+ Kh8 47. Bf3 b3 48. Qd8+ Rf8 49. Qb6 Qc1+ 50.
Kg2 Qc3 51. Qxe6 Kg7 52. Be4 Qf6 53. Qxb3 Qxf2+ 54. Kh1 Qf1+ 55. Kh2 Rf2+
0-1

[Event "World Blitz 2023"]
[Site "Samarkand UZB"]
[Date "2023.12.29"]
[EventDate "2023.12.29"]
[Round "6.13"]
[Result "1/2-1/2"]
[White "Ivan Cheparinov"]
[Black "Mamikon Gharibyan"]
[WhiteElo "2613"]
[BlackElo "2444"]
[PlyCount "160"]

1. e4 e5 2. Nf3 Nc6 3. Bb5 a6 4. Ba4 Nf6 5. O-O Be7 6. d3 b5 7. Bb3 d6 8.
a3 O-O 9. Nc3 Na5 10. Ba2 Be6 11. b4 Bxa2 12. Nxa2 Nc6 13. c4 Qd7 14. Nc3
Nd4 15. Be3 Nxf3+ 16. Qxf3 c6 17. h3 h6 18. Rfd1 Rfc8 19. Rac1 Qe6 20. Re1
Rab8 21. Qd1 Bf8 22. Re2 Rb7 23. Qb3 Rbb8 24. Rec2 Ra8 25. Qa2 Qd7 26. Qb1
Rab8 27. Qa2 Ne8 28. d4 exd4 29. Bxd4 Nc7 30. Be3 Ne6 31. Rd1 Qe7 32. Rcd2
Qf6 33. Qb3 h5 34. Ne2 g6 35. f4 Re8 36. Qd3 Ra8 37. Rf1 bxc4 38. Qxc4 d5
39. exd5 cxd5 40. Qd3 Ng7 41. Nd4 Re4 42. f5 g5 43. Nf3 g4 44. Ng5 Ree8 45.
hxg4 hxg4 46. Qxd5 Rad8 47. Qb3 Rxd2 48. Bxd2 Nxf5 49. Qxf7+ Qxf7 50. Nxf7
Ng3 51. Rf6 Bg7 52. Nh6+ Kh7 53. Rxa6 Re2 54. Rd6 Ne4 55. Re6 Bd4+ 56. Kh2
g3+ 57. Kh3 Nf2+ 58. Kxg3 Rxe6 59. Nf5 Ne4+ 60. Kf4 Ba7 61. Bc1 Kg6 62. g4
Nc3 63. Bd2 Ne2+ 64. Kf3 Nd4+ 65. Nxd4 Bxd4 66. a4 Kf6 67. a5 Ke5 68. g5
Kf5 69. b5 Rd6 70. Be1 Rd5 71. b6 Rb5 72. g6 Kxg6 73. Ke4 Bb2 74. Kd3 Be5
75. Kc4 Rb1 76. Bb4 Ra1 77. Kb5 Bd4 78. a6 Kf5 79. a7 Rxa7 80. bxa7 Bxa7
1/2-1/2

[Event "World Blitz 2023"]
[Site "Samarkand UZB"]
[Date "2023.12.29"]
[EventDate "2023.12.29"]
[Round "6.14"]
[Result "0-1"]
[White "Mikhail Bryakin"]
[Black "Aleksandr Shimanov"]
[WhiteElo "2495"]
[BlackElo "2611"]
[PlyCount "90"]

1. d4 Nf6 2. c4 d6 3. Nf3 g6 4. g3 Bg7 5. Bg2 O-O 6. Nc3 Nc6 7. O-O e5 8.
dxe5 dxe5 9. Qxd8 Rxd8 10. Bg5 h6 11. Bxf6 Bxf6 12. Nd5 Kg7 13. Nxc7 Rb8
14. e4 g5 15. h3 h5 16. Nd5 g4 17. hxg4 hxg4 18. Nh2 Bg5 19. f4 gxf3 20.
Nxf3 Bh6 21. Nh4 Nd4 22. Rf2 Be6 23. Re1 Bg5 24. Nf5+ Bxf5 25. exf5 f6 26.
Be4 Rbc8 27. b3 b5 28. Ne7 Rc7 29. Nd5 Rc5 30. Bd3 bxc4 31. bxc4 Rb8 32.
Kg2 Ra5 33. Nc7 Ra3 34. Be4 Be3 35. Rff1 Rxa2+ 36. Kh3 Ra3 37. Ne6+ Kf7 38.
Nxd4 Bxd4 39. Bd5+ Ke7 40. Rb1 Rbb3 41. Rxb3 Rxb3 42. Kg4 a5 43. Rh1 Bf2
44. Rh7+ Kd6 45. Ra7 Bxa7 0-1

[Event "World Blitz 2023"]
[Site "Samarkand UZB"]
[Date "2023.12.29"]
[EventDate "2023.12.29"]
[Round "6.15"]
[Result "0-1"]
[White "Ramazan Zhalmakhanov"]
[Black "Alexandr Predke"]
[WhiteElo "2427"]
[BlackElo "2594"]
[PlyCount "60"]

1. Nc3 c5 2. e4 Nc6 3. Nf3 g6 4. d4 cxd4 5. Nxd4 Bg7 6. Nb3 d6 7. Be2 Be6
8. O-O Nf6 9. Bg5 O-O 10. f4 a5 11. a4 Rc8 12. Bf3 Nb4 13. Kh1 Bc4 14. Re1
Qb6 15. Nd4 e5 16. Ndb5 Bxb5 17. axb5 h6 18. Bxf6 Bxf6 19. f5 Kg7 20. Qe2
Qc7 21. Red1 Be7 22. Bg4 Rcd8 23. fxg6 fxg6 24. Rf1 Qc5 25. Be6 Bg5 26. Bb3
Qe3 27. Qxe3 Bxe3 28. Nd5 Nxd5 29. Bxd5 b6 30. g3 a4 0-1

[Event "World Blitz 2023"]
[Site "Samarkand UZB"]
[Date "2023.12.29"]
[EventDate "2023.12.29"]
[Round "6.16"]
[Result "0-1"]
[White "Abdimalik Abdisalimov"]
[Black "Vasquez Schroeder, Rodrigo"]
[WhiteElo "2417"]
[BlackElo "2582"]
[PlyCount "92"]

1. c4 c5 2. Nf3 Nf6 3. d4 e6 4. Nc3 a6 5. d5 exd5 6. cxd5 d6 7. a4 g6 8.
Nd2 Nbd7 9. Nc4 Nb6 10. Na3 Bd7 11. Bf4 Nh5 12. Bd2 Bg7 13. g3 O-O 14. Bg2
f5 15. O-O Qc7 16. Rc1 Rae8 17. b3 Qd8 18. Ncb1 Qe7 19. e3 Nf6 20. Ba5 Nc8
21. Nc4 b5 22. axb5 axb5 23. Ncd2 Ng4 24. b4 c4 25. Nf3 Ne5 26. Nd4 Nd3 27.
Rc2 Bxd4 28. exd4 Ne1 29. Rd2 Nxg2 30. Kxg2 Qe4+ 31. f3 Qxd5 32. Nc3 Qf7
33. Kf2 Ne7 34. d5 Qf6 35. Qc1 f4 36. g4 h5 37. gxh5 Qh4+ 38. Kg1 Qxh5 39.
Ne4 Nf5 40. Bb6 Nh4 41. Qc3 Nxf3+ 42. Rxf3 Rxe4 43. Rdf2 g5 44. h4 Bg4 45.
Rg2 Qxh4 46. Rh2 0-1

[Event "World Blitz 2023"]
[Site "Samarkand UZB"]
[Date "2023.12.29"]
[EventDate "2023.12.29"]
[Round "6.17"]
[Result "0-1"]
[White "Maksim Tsaruk"]
[Black "Levan Pantsulaia"]
[WhiteElo "2378"]
[BlackElo "2579"]
[PlyCount "80"]

1. e4 c6 2. d4 d5 3. e5 Bf5 4. Nf3 e6 5. Be2 Nd7 6. O-O Ne7 7. Nbd2 Ng6 8.
Nb3 f6 9. exf6 Qxf6 10. Re1 Bd6 11. Bg5 Qf7 12. c4 O-O 13. Rc1 h6 14. Be3
Nf6 15. h3 Ne4 16. Nbd2 Nf4 17. Ne5 Bxe5 18. dxe5 Bxh3 19. Nxe4 Nxg2 20.
Nd6 Qg6 21. Bh5 Qh7 22. Bg4 Nxe1 23. Bxh3 Nf3+ 24. Kh1 Qg6 25. cxd5 exd5
26. Rc3 Qh5 27. Qf1 d4 28. Bxd4 Nxd4 29. Qc4+ Kh8 30. Qxd4 Qe2 31. Qe3 Rxf2
32. Qxe2 Rxe2 33. e6 Kg8 34. Bg4 Rd2 35. Nxb7 Rxb2 36. Nd6 Rd2 37. Rxc6 Rf8
38. Rc8 Rxd6 39. e7 Rxc8 40. Bxc8 Kf7 0-1

[Event "World Blitz 2023"]
[Site "Samarkand UZB"]
[Date "2023.12.29"]
[EventDate "2023.12.29"]
[Round "6.18"]
[Result "0-1"]
[White "Mukhammadali Abdurakhmonov"]
[Black "Pouya Idani"]
[WhiteElo "2214"]
[BlackElo "2574"]
[PlyCount "162"]

1. d4 Nf6 2. Bg5 d5 3. e3 c5 4. Bxf6 gxf6 5. dxc5 e6 6. Nf3 Bxc5 7. Be2 Nc6
8. O-O O-O 9. c4 d4 10. b4 Bxb4 11. exd4 f5 12. a3 Be7 13. Ra2 Bf6 14. Rd2
Ne7 15. Nc3 Ng6 16. Re1 b6 17. Bf1 Bb7 18. g3 Rc8 19. h4 Kh8 20. h5 Ne7 21.
Ne5 Nc6 22. Bg2 Na5 23. Bxb7 Nxb7 24. d5 Bxe5 25. Rxe5 Qf6 26. f4 Rg8 27.
Qf3 Rxc4 28. dxe6 fxe6 29. Ne2 Nc5 30. Rd6 Re4 31. Rxe4 Nxe4 32. Rd7 a5 33.
Kg2 b5 34. Qd3 b4 35. axb4 axb4 36. Qb5 Qb2 37. Kh3 Nf2+ 38. Kg2 Ng4 39.
Rd4 Ne3+ 40. Kh3 Ng4 41. Rxb4 Qa1 42. Rb1 Qf6 43. Qb2 e5 44. fxe5 Nxe5 45.
Nf4 Qg7 46. Qc3 Qg4+ 47. Kh2 Qg7 48. Kh3 Qg4+ 49. Kh2 Qg7 50. Kg2 Ng4 51.
Qxg7+ Kxg7 52. Rb7+ Kh6 53. Rb6+ Kg5 54. Rb7 Nf6 55. Kh3 h6 56. Rb5 Re8 57.
Ra5 Re3 58. Ng2 Rf3 59. Nh4 Rf2 60. Ng2 Nxh5 61. Nh4 Nf6 62. Ng2 h5 63. Ra8
Rb2 64. Ra7 Ne4 65. Nf4 Rb3 66. Rg7+ Kh6 67. Rg8 Ng5+ 68. Kg2 Rb2+ 69. Kf1
Ne4 70. Rh8+ Kg5 71. Nxh5 Kg4 72. Ke1 Kf3 73. Kd1 Ke3 74. Kc1 Rh2 75. Rh7
Kd3 76. Rd7+ Kc3 77. Rc7+ Kb3 78. Ng7 Nxg3 79. Rf7 Rf2 80. Kd1 Kc3 81. Ne6
Rf1# 0-1

[Event "World Blitz 2023"]
[Site "Samarkand UZB"]
[Date "2023.12.29"]
[EventDate "2023.12.29"]
[Round "6.19"]
[Result "1/2-1/2"]
[White "Vadim Zvjaginsev"]
[Black "Bobir Sattarov"]
[WhiteElo "2570"]
[BlackElo "2351"]
[PlyCount "60"]

1. d4 Nf6 2. Nf3 c5 3. e3 d5 4. c4 cxd4 5. exd4 Nc6 6. h3 e6 7. a3 dxc4 8.
Bxc4 Be7 9. O-O O-O 10. Nc3 b6 11. d5 exd5 12. Nxd5 Nxd5 13. Bxd5 Bb7 14.
Bf4 Bf6 15. Rb1 Qd7 16. Be4 Qxd1 17. Rfxd1 Rad8 18. b4 Rfe8 19. Rxd8 Rxd8
20. Rc1 Rc8 21. g4 Bb2 22. Rd1 Rd8 23. Rb1 Bxa3 24. Bd2 a6 25. Rb3 Na5 26.
bxa5 Bxe4 27. Rxa3 Bxf3 28. Rxf3 Rxd2 29. axb6 Rb2 30. Rc3 1/2-1/2

[Event "World Blitz 2023"]
[Site "Samarkand UZB"]
[Date "2023.12.29"]
[EventDate "2023.12.29"]
[Round "6.20"]
[Result "1/2-1/2"]
[White "Shakhriyar Mamedyarov"]
[Black "Haowen Xue"]
[WhiteElo "2716"]
[BlackElo "2155"]
[PlyCount "66"]

1. d4 d5 2. c4 e6 3. Nc3 Nf6 4. Nf3 Be7 5. Bf4 O-O 6. a3 b6 7. cxd5 Nxd5 8.
Nxd5 exd5 9. e3 c5 10. Bd3 c4 11. Bc2 Bg4 12. Qb1 h6 13. Ne5 Be6 14. Bh7+
Kh8 15. Bf5 Qc8 16. g4 Nc6 17. Rg1 Nxe5 18. Bxe5 Bh4 19. Qc2 f6 20. Bf4 g5
21. Bxe6 Qxe6 22. Qg6 gxf4 23. Qxh6+ Kg8 24. Qxh4 fxe3 25. Rg3 Qe4 26. fxe3
Qh1+ 27. Ke2 Qxa1 28. g5 Qxb2+ 29. Ke1 Qc1+ 30. Ke2 Qc2+ 31. Ke1 Qc1+ 32.
Ke2 Qc2+ 33. Ke1 1/2-1/2

[Event "World Blitz 2023"]
[Site "Samarkand UZB"]
[Date "2023.12.29"]
[EventDate "2023.12.29"]
[Round "6.21"]
[Result "1/2-1/2"]
[White "Ruslan Ponomariov"]
[Black "Boris Savchenko"]
[WhiteElo "2613"]
[BlackElo "2513"]
[PlyCount "108"]

1. d4 Nf6 2. c4 e6 3. Nc3 Bb4 4. e3 d5 5. a3 Bxc3+ 6. bxc3 O-O 7. cxd5 Qxd5
8. Nf3 c5 9. Bb2 b6 10. c4 Qd6 11. Be2 Bb7 12. O-O Nbd7 13. Re1 Rfd8 14.
Rc1 cxd4 15. exd4 Qf4 16. Qb3 Ne4 17. g3 Qf5 18. Qe3 Nef6 19. Nh4 Qa5 20.
Red1 Rac8 21. Ng2 h6 22. Nf4 Qf5 23. f3 Re8 24. Bd3 Qg5 25. Re1 e5 26. dxe5
Nxe5 27. Bxe5 Nd7 28. Ng6 Qxe3+ 29. Rxe3 fxg6 30. Rce1 Nxe5 31. Rxe5 Rxe5
32. Rxe5 Kf7 33. Kf2 Rc7 34. f4 Bc8 35. Ke3 Kf6 36. Kd4 Be6 37. a4 Rd7+ 38.
Kc3 g5 39. a5 gxf4 40. gxf4 g5 41. axb6 axb6 42. Rb5 Rd6 43. fxg5+ hxg5 44.
Be4 Bd7 45. Rb2 Ke5 46. Bg2 Rh6 47. Re2+ Kf4 48. Rf2+ Ke5 49. Re2+ Kd6 50.
Rd2+ Kc7 51. Bd5 g4 52. Kd4 Kd6 53. Rb2 Kc7 54. Ke4 1/2-1/2

[Event "World Blitz 2023"]
[Site "Samarkand UZB"]
[Date "2023.12.29"]
[EventDate "2023.12.29"]
[Round "6.22"]
[Result "1-0"]
[White "Baadur Jobava"]
[Black "Guha Mitrabha"]
[WhiteElo "2599"]
[BlackElo "2512"]
[PlyCount "172"]

1. e4 c6 2. c4 d5 3. exd5 cxd5 4. d4 Nf6 5. Nc3 Nc6 6. Nf3 Be6 7. c5 g6 8.
h3 Bg7 9. Bd3 O-O 10. O-O b6 11. cxb6 axb6 12. Re1 Rc8 13. Bf4 Ne4 14. Ba6
Nxc3 15. bxc3 Na5 16. Bxc8 Qxc8 17. Rc1 Re8 18. Ne5 Bf5 19. g4 Be6 20. Qf3
f6 21. Nd3 Bf7 22. Re2 Nc4 23. Rce1 Qd7 24. Bg3 g5 25. Nb4 e6 26. h4 h6 27.
h5 Ra8 28. Qd3 Ra3 29. Rb1 Kh8 30. Rb3 Ra8 31. Rb1 Bg8 32. Rbe1 Rf8 33. f3
Re8 34. Kg2 Rf8 35. Qd1 f5 36. Nd3 f4 37. Bf2 Ra8 38. Nb2 Nd6 39. Qb3 Ra6
40. Nd3 Nc4 41. Nb2 Nd6 42. Qb4 Rxa2 43. Qxb6 Ra7 44. Nd3 Nc4 45. Qb4 Rb7
46. Nc5 Rxb4 47. Nxd7 Rb3 48. Nc5 Rxc3 49. Nxe6 Bf6 50. Nc5 Kg7 51. Ra1
Ne3+ 52. Bxe3 fxe3 53. Rd1 Bh7 54. Rde1 Kf7 55. Rxe3 Rxe3 56. Rxe3 Bxd4 57.
Re6 Bxc5 58. Rxh6 Kg7 59. Rc6 Be3 60. Rc7+ Kh8 61. Rc8+ Bg8 62. Rd8 d4 63.
Kf1 Kg7 64. Rc8 Bf4 65. Ke2 Be6 66. Rc6 Kf7 67. Kd3 Bd5 68. Ra6 Bxf3 69.
Kxd4 Bxg4 70. h6 Bf5 71. Ra7+ Kg8 72. Rg7+ Kh8 73. Rf7 Bg6 74. Rg7 Bc2 75.
Rf7 Bd2 76. Rf2 Bf4 77. Rxc2 Kh7 78. Rc6 g4 79. Ke4 Bxh6 80. Kf5 g3 81. Rg6
Bg7 82. Rxg3 Kg8 83. Kg6 Bd4 84. Rd3 Bb6 85. Rd6 Bc7 86. Rc6 1-0